000 00998nam a2200253Ia 4500
003 OSt
005 20210114092612.0
008 191128t2016 ck grl f001 0 spa d
020 _a9789587673326
040 _aCO-JMCR
_cCO-JMCR
041 0 _aspa
082 0 4 _a344.86101 /
_bC718c
_223
110 1 _aColombia.
_98040
245 1 0 _aCartilla laboral Legis /
250 _a30a. edición
260 _a[Bogotá] :
_bLegis,
_c©2016
300 _a261 páginas ;
_c27 cm.
500 _aIncluye índice alfabético-informativo.
505 0 _aSistemas de protección social -- Selección de personal -- Contrato de trabajo -- Intermediación laboral, empresas de servicios temporales y cooperativas de trabajo social -- Obligaciones del empleador -- Retención en la fuente para asalariados
650 1 4 _aDerecho laboral
_xaspectos jurídicos
_zColombia
_98767
650 1 4 _aLegislación laboral
_zColombia
_98768
650 1 4 _aPrestaciones sociales
_xlegislación
_zColombia
_98769
942 _2ddc
_cBK
999 _c4102
_d4102